A Quiz About Hinduism - Statistics

General Stats
  • This quiz has been taken 2,565 times
  • The average score is 13 of 20
Answer Stats
Clue Answer % Correct
Predominantly Hindu countries India
98%
Most sacred animal Cow
95%
Most sacred river Ganges
87%
Predominantly Hindu countries Nepal
87%
Language of the above Sanskrit
87%
Practice of stretching exercices Yoga
86%
"Trimurti" gods Vishnu
85%
God with an elephant head Ganesh
84%
"Trimurti" gods Shiva
84%
"Trimurti" gods Brahma
75%
Sect that believes in the attractive Supreme Lord Hare {Krishna}
73%
Holy scriptures Vedas
70%
Notion about the course of a life depending on anterior deeds and actions Karma
69%
Meditation syllable Om
67%
Migration of the soul into another body Reincarnation
57%
Indonesian island with a majority of Hindus Bali
53%
Animal embodiment of a God Avatar
27%
Term for a Hindu faction Caste
26%
World's largest Hindu temple Angkor Wat
21%
Multi-headed serpent who controls the rainfall Nāga
13%
No matching quizzes found
Score Distribution
Percent of People with Each Score
Percentile by Number Answered
Your Score History
You have not taken this quiz